00515 2200205 4500001002100000005001500021035002000036100002100056245005100077250002000128300003100148020002200179082001100201084001700212260004400229600000900273990000900282990000900291990000900300INLIS00000000000223420260226102449 a0010-02260000660 aM. Rosyid Kusnan1 aKreasi dari kayu dan Bambu /cM. Rosyid Kusnan aCetakan 1, 2007 a60 hlm :bilust ;c21,5 cm a978-979-1136-53-2 a745.51 a745.51 ROS k aKlaten :bSaka Mitra Kompentensi,c2007 4aSeni a6587 a6588 a6589